000 01362nam0a22002771 4500
001 rc\992553
005 20041129101556.2
035 _a(NLR Aleph) 006159645
090 _a5849138
_c5849138
100 _a20041129d1981 u |0rusy50 ca
101 0 _arus
102 _aRU
105 _ay |||||||||
200 1 _aОптимизация решений в системах автоматизированного проектирования объектов промышленного строительства
_f[Сост. В.А. Егоров, В.С. Тимощук, кандидаты техн. наук, А.А. Бузуев]
210 _aМ.
_cГосИНТИ
_d1981
215 _a29 с.
_d22
225 1 _aМежотраслевые вопросы науки и техники
_eОбзор. информ.
_fОб-ние по руководству НТИ и пропагандой в РСФСР при Гос. ком. СССР по науке и технике. Гос. НИИ науч. и техн. информ. (ГосИНТИ)
_vВып. 10
320 _aБиблиогр.: с. 28-29
700 1 _aЕгоров
_bВ. А.
_gВладимир Александрович
701 1 _aТимощук
_bВ. С.
701 1 _aБузуев
_bА. А.
801 0 _aRU
_bNLR
_gpsbo
801 1 _aRU
_bELAR
_2rusmarc
852 _aNLR
_jП10/5488
942 _cBOOK
980 _aNB